History Quiz: Languages - Statistics

General Stats
  • This quiz has been taken 103 times
    81 since last reset
  • The average score is 9 of 15
Answer Stats
Question Answer % Correct
Besides hieroglyphs and Demotic script (both Egyptian), which other script can be seen on the Rosetta Stone? Greek
100%
What is the name of the language that was spoken by the Aztecs? Nahuatl
93%
Frankish was what kind of language? Germanic
87%
Which of these languages was the main language of the Kievan Rus'? Old East Slavic
87%
Which of these was not an official language in either Assyria or Babylonia? Armenian
80%
What was the liturgical language of the Ottoman Empire? Arabic
73%
What was the official language of the Inca Empire? Quechua
73%
Which of these was a common language in the Sultanate of Zanzibar? Swahili
67%
What is the name of the language that was spoken by the Kingdom of Aksum? Ge'ez
60%
Which of these was an official language of the Mughal Empire? Persian
60%
The Dresden Codex features which kind of script? Maya
33%
Besides Old Khmer, which other language was often spoken throughout the Khmer Empire? Sanskrit
33%
How many languages could Sigmund Freud speak? Eight
27%
Which of these languages was created the most recently (location where each language originated is included in brackets)? Palawa kani (Tasmania)
27%
What is the name of the writing system used by the Minoans? Linear A
7%
No matching quizzes found
Score Distribution
Percent of People with Each Score
Percentile by Number Answered
Your Score History
You have not taken this quiz since the last reset